| 000 | 00767cam a22002533a 4500 | ||
|---|---|---|---|
| 001 | 11708 | ||
| 003 | PGUSA | ||
| 005 | 20140828083239.0 | ||
| 008 | 040301s2004||||xxu|||||s|||||000 | eng d | ||
| 040 |
_aPGUSA _beng |
||
| 042 | _adc | ||
| 050 | 4 | _aE456 | |
| 100 | 1 |
_aHay, John, _d1838-1905 |
|
| 245 | 1 | 0 |
_aAbraham Lincoln, a History — Volume 02 _h[electronic resource] / _cJohn Hay |
| 260 |
_bProject Gutenberg, _c2004 |
||
| 506 | _aPublic domain in the USA. | ||
| 516 | _aElectronic text | ||
| 653 | _aUnited States -- History -- Civil War, 1861-1865 | ||
| 653 | _aPresidents -- United States -- Biography | ||
| 653 | _aLincoln, Abraham, 1809-1865 | ||
| 830 | 0 |
_aProject Gutenberg _v11708 |
|
| 856 | 4 | 0 | _uhttp://www.gutenberg.org/ebooks/11708 |
| 942 | _cEB | ||
| 999 |
_c240963 _d240963 |
||